<?xml version="1.0" encoding="UTF-8"?>
<marc:record xmlns:marc="http://www.loc.gov/MARC21/slim">
   <marc:leader>00000nam a2200000 a 4500</marc:leader>
   <marc:datafield ind1="1" ind2=" " tag="100">
      <marc:subfield code="a">Hofbauer, Helmut</marc:subfield>
      <marc:subfield code="4">aut</marc:subfield>
      <marc:subfield code="e">Verfasser/-in</marc:subfield>
   </marc:datafield>
   <marc:datafield ind1="1" ind2=" " tag="100">
      <marc:subfield code="a">Kauer, Alois</marc:subfield>
      <marc:subfield code="4">aut</marc:subfield>
      <marc:subfield code="e">Verfasser/-in</marc:subfield>
   </marc:datafield>
   <marc:datafield ind1=" " ind2=" " tag="653">
      <marc:subfield code="a">Führung</marc:subfield>
   </marc:datafield>
   <marc:datafield ind1=" " ind2=" " tag="653">
      <marc:subfield code="a">Karriere</marc:subfield>
   </marc:datafield>
   <marc:datafield ind1=" " ind2=" " tag="653">
      <marc:subfield code="a">Soziale Kompetenz</marc:subfield>
   </marc:datafield>
   <marc:datafield ind1=" " ind2=" " tag="653">
      <marc:subfield code="a">Softcover / Wirtschaft/Management</marc:subfield>
   </marc:datafield>
   <marc:datafield ind1=" " ind2=" " tag="653">
      <marc:subfield code="a">FBWIALLG: Management allgemein</marc:subfield>
   </marc:datafield>
   <marc:datafield ind1=" " ind2=" " tag="653">
      <marc:subfield code="a">WIRT2014</marc:subfield>
   </marc:datafield>
   <marc:datafield ind1="0" ind2="0" tag="245">
      <marc:subfield code="a">Einstieg in die Führungsrolle</marc:subfield>
   </marc:datafield>
   <marc:datafield ind1="0" ind2="0" tag="245">
      <marc:subfield code="b">Praxisbuch für die ersten 100 Tage ; mit Interviews aus der Praxis ; [mit Sonderkapitel Laterale Führung, Führen im Generationenkontext</marc:subfield>
   </marc:datafield>
   <marc:datafield ind1="0" ind2="0" tag="245">
      <marc:subfield code="c">Helmut Hofbauer/Alois Kauer</marc:subfield>
   </marc:datafield>
   <marc:datafield ind1=" " ind2="1" tag="264">
      <marc:subfield code="a">München</marc:subfield>
      <marc:subfield code="b">Hanser</marc:subfield>
      <marc:subfield code="c">2014</marc:subfield>
   </marc:datafield>
   <marc:datafield ind1=" " ind2=" " tag="250">
      <marc:subfield code="a">5., erw. Aufl.</marc:subfield>
   </marc:datafield>
   <marc:datafield ind1="1" ind2=" " tag="520">
      <marc:subfield code="a">Angaben aus der Verlagsmeldung

Einstieg in die Führungsrolle : Praxisbuch für die ersten 100 Tage / von Helmut Hofbauer, Alois Kauer

"Dieses Buch zählt (...) zu einem der Standardwerke für angehende Führungskräfte im deutschsprachigen Raum."
Ralph Linde (Leiter Personalentwicklung Volkswagen Konzern)

"Wenn der 'Neue' eine Führungsposition übernimmt, dann hat er das 'Ansehen', d. h., alle Blicke sind erwartungsvoll, neugierig, skeptisch oder auch ängstlich auf ihn gerichtet. (...) Dabei ist Hilfe höchst willkommen. Das Buch von Alois Kauer und Helmut Hofbauer bietet diese Hilfe, es bleibt nicht im Allgemeinen und Grundsätzlichen, sondern macht konkrete Formulierungs- und Handlungsvorschläge, bringt Beispiele und nimmt den Ratsuchenden bei der Hand, ohne ihn zu gängeln. Ich kann daher dieses Werk jedem empfehlen, der längerfristig seine Karriere plant oder aktuell vor der Übernahme einer (neuen) Führungsposition steht."
Lutz von Rosenstiel (emeritierter Professor für Organisations- und Wirtschaftspsychologie an der Ludwig-Maximilians-Universität München)

Highlights
- Vom Kollegen zum Vorgesetzten: den Rollenwechsel souverän meistern
- Konkrete Handlungsanleitungen, Tipps, Checklisten, Arbeitsblätter und Beispiele
- Interviews mit Personalmanagern und Führungskräften
- Zum Download: Checklisten, Arbeitsblätter und weitere Interviews aus der Praxis
</marc:subfield>
   </marc:datafield>
   <marc:datafield ind1=" " ind2=" " tag="020">
      <marc:subfield code="a">9783446440401</marc:subfield>
      <marc:subfield code="9">9783446440401</marc:subfield>
   </marc:datafield>
   <marc:datafield ind1=" " ind2=" " tag="020">
      <marc:subfield code="a">3446440402</marc:subfield>
      <marc:subfield code="9">3446440402</marc:subfield>
   </marc:datafield>
   <marc:datafield ind1=" " ind2=" " tag="041">
      <marc:subfield code="a">ger</marc:subfield>
   </marc:datafield>
   <marc:datafield ind1=" " ind2=" " tag="300">
      <marc:subfield code="a">XII, 303 S.</marc:subfield>
   </marc:datafield>
</marc:record>
